Visions from on high (Record no. 73506)

MARC details
000 -LEADER
fixed length control field 00837cam a2200229 4500
001 - CONTROL NUMBER
control field ABS67093
008 - FIXED-LENGTH DATA ELEMENTS--GENERAL INFORMATION
fixed length control field 030930n2003 000 0 eng u
035 ## - SYSTEM CONTROL NUMBER
System control number (Sirsi) u123783
100 ## - MAIN ENTRY--PERSONAL NAME
Personal name Tinworth, A.
245 ## - TITLE STATEMENT
Title Visions from on high
260 ## - PUBLICATION, DISTRIBUTION, ETC.
Date of publication, distribution, etc. 2003
490 ## - SERIES STATEMENT
Series statement Estates Gazette
Volume/sequential designation (0339) 27 September 2003, 106-107(2)
520 ## - SUMMARY, ETC.
Summary, etc. Discusses the creation of NEXTMap Britain, an accurate 3D picture of most of Great Britain, created using radar mapping technology combined with photographic maps. Considers various uses for the map and looks at some of it's limitations. Article lists suppliers and formats of the product.
590 ## - LOCAL NOTE (RLIN)
Local note ABS
650 ## - SUBJECT ADDED ENTRY--TOPICAL TERM
Topical term or geographic name entry element MAPPING
650 ## - SUBJECT ADDED ENTRY--TOPICAL TERM
Topical term or geographic name entry element RADAR
650 ## - SUBJECT ADDED ENTRY--TOPICAL TERM
Topical term or geographic name entry element NEXTMAP BRITAIN
650 ## - SUBJECT ADDED ENTRY--TOPICAL TERM
Topical term or geographic name entry element DIGITAL MAPPING
650 ## - SUBJECT ADDED ENTRY--TOPICAL TERM
Topical term or geographic name entry element GIS
690 ## - LOCAL SUBJECT ADDED ENTRY--TOPICAL TERM (OCLC, RLIN)
Topical term or geographic name as entry element MAPPING AND MEASUREMENT-GIS
942 ## - ADDED ENTRY ELEMENTS (KOHA)
Suppress in OPAC 0
Holdings
Withdrawn status Lost status Source of classification or shelving scheme Damaged status Not for loan Home library Current library Shelving location Date acquired Total Checkouts Full call number Barcode Date last seen Copy number Price effective from Koha item type
    Dewey Decimal Classification     London London Journal article 30/09/2003   ABS67093 123783-1001 06/08/2019 1 06/08/2019 Journal article